000 01304cam a22004094a 4500
001 15936194
003 OSt
005 20140310182459.0
008 091006s2010 cau b 001 0 eng
010 _a 2009041092
015 _aGBB000531
_2bnb
016 7 _a101516826
_2DNLM
016 7 _a015453146
_2Uk
020 _a9780470565476 (pbk.)
020 _a0470565470 (pbk.)
035 _a(OCoLC)ocn455157321
040 _aDNLM/DLC
_cDLC
_dYDX
_dNLM
_dUKM
_dYDXCP
_dCDX
_dVP@
_dDLC
042 _apcc
050 0 0 _aRC 480.5
_b .K68 2010
060 0 0 _a2010 F-600
060 1 0 _aWM 21
_bK87o 2010
100 1 _aKottler, Jeffrey A.
_9496
245 1 0 _aOn being a therapist /
_cJeffrey A. Kottler.
250 _a4th ed.
260 _aSan Francisco :
_bJossey-Bass,
_cc2010.
300 _a352 p. :
_c23 cm.
500 _aIncludes bibliographical references and index.
650 0 _aPsychotherapists
_xPsychology.
_98573
650 0 _aPsychotherapy
_xPractice
_xPsychological aspects.
_98574
650 1 2 _aProfessional Practice.
_98575
650 1 2 _aPsychotherapy.
_98576
650 2 2 _aPhysician-Patient Relations.
_98577
906 _a7
_bcbc
_corignew
_d1
_eecip
_f20
_gy-gencatlg
942 _2lcc
_cSSLC
999 _c13787
_d13787